[Event "DEM U12/U12w 2004"]
[Site "Willingen GER"]
[Date "2004.06.04"]
[Round "10"]
[White "Dietrich, Stefan"]
[Black "Tantzen, Cedric"]
[Result "0-1"]
[Termination "normal"]
[Board "47"]
[WhiteElo "1176"]
[BlackElo "1266"]
[PlyCount "88"]
[BlackFideId "24640018"]
[EventCountry "GER"]
[EventRounds "11"]
[EventType "swiss"]
[EventDate "2004.05.29"]

1. e4 e5 2. Nf3 Nc6 3. d4 exd4 4. Bc4 Nf6 5. e5 d5 6. exd6 Bxd6 7. O-O O-O 8.
c3 dxc3 9. Nxc3 Bg4 10. Be3 Ne5 11. Be2 Re8 12. Nxe5 Bxe2 13. Nxf7 Bxh2+ 14.
Kxh2 Qxd1 15. Raxd1 Bxf1 16. Rxf1 Kxf7 17. Nb5 Red8 18. Nxc7 Rac8 19. Bxa7 Rxc7
20. Bb6 Rdc8 21. Bxc7 Rxc7 22. b4 Rc2 23. a4 Rb2 24. b5 Ra2 25. Rc1 Rxa4 26.
Rc7+ Kg6 27. Rxb7 Rb4 28. b6 Nd5 29. f4 Nxf4 30. g4 Nd5 31. g5 Rxb6 32. Rd7 Nf4
33. Kg3 Ne6 34. Kg4 Nxg5 35. Kh4 Rb4+ 36. Kg3 Ne4+ 37. Kf3 h5 38. Rd1 Ng5+ 39.
Ke3 Re4+ 40. Kd3 Re8 41. Rg1 h4 42. Rg4 Kh5 43. Rg1 h3 44. Rh1 Kh4 0-1

[Event "DEM U12/U12w 2004"]
[Site "Willingen GER"]
[Date "2004.06.04"]
[Round "10"]
[White "Hoffmann, Cara"]
[Black "Oat, Daniela"]
[Result "1-0"]
[Termination "normal"]
[Board "48"]
[WhiteElo "922"]
[BlackElo "943"]
[PlyCount "59"]
[EventCountry "GER"]
[EventRounds "11"]
[EventType "swiss"]
[EventDate "2004.05.29"]

1. e4 c5 2. Nf3 d6 3. d4 cxd4 4. Nxd4 Bd7 5. Nc3 Nc6 6. Be3 g6 7. Bc4 Bg7 8.
Qd2 Nf6 9. f3 O-O 10. O-O-O Qa5 11. Kb1 Rac8 12. Bb3 Bh8 13. h4 e6 14. h5 Nxh5
15. g4 Nf6 16. Bg5 Nxd4 17. Qxd4 Qxg5 18. Qxd6 Rc6 19. Qh2 h6 20. e5 Nd5 21.
Nxd5 exd5 22. Bxd5 Rb6 23. f4 Qxg4 24. Qxh6 Qxd1+ 25. Rxd1 Bg7 26. Qg5 Rc8 27.
Qe7 Be8 28. Rg1 Kh7 29. Bxf7 Bxf7 30. Qxf7 1-0

[Event "DEM U12/U12w 2004"]
[Site "Willingen GER"]
[Date "2004.06.04"]
[Round "10"]
[White "Saak, Saskia"]
[Black "Stognief, Ole"]
[Result "0-1"]
[Termination "normal"]
[Board "49"]
[WhiteElo "1084"]
[BlackElo "1292"]
[PlyCount "112"]
[EventCountry "GER"]
[EventRounds "11"]
[EventType "swiss"]
[EventDate "2004.05.29"]

1. e4 c6 2. Nc3 d5 3. Nf3 Bg4 4. exd5 cxd5 5. h3 Bh5 6. Bb5+ Nc6 7. g4 Bg6 8.
Ne5 Qc7 9. d4 e6 10. h4 Bd6 11. h5 Bxe5 12. hxg6 Bd6 13. gxh7 Nf6 14. Be3 Rxh7
15. Rxh7 Nxh7 16. Qd3 Nf6 17. g5 Nd7 18. O-O-O O-O-O 19. Qh7 Bf8 20. Qg8 Nb6
21. Bxc6 bxc6 22. g6 Qe7 23. Qxf7 Qxf7 24. gxf7 Rd7 25. Bg5 Rxf7 26. f4 Be7 27.
Bxe7 Rxe7 28. Re1 Kd7 29. Ne2 Nc4 30. b3 Nd6 31. Ng3 Rf7 32. Rf1 Nb5 33. f5
Nxd4 34. fxe6+ Kxe6 35. Rxf7 Kxf7 36. Kd2 Ne6 37. Kd3 g5 38. c4 dxc4+ 39. Kxc4
Ke7 40. b4 a6 41. a3 Kd6 42. a4 Ke5 43. b5 cxb5+ 44. axb5 axb5+ 45. Kxb5 Kf4
46. Ne2+ Kf3 47. Ng1+ Kg2 48. Ne2 g4 49. Kc4 Kf2 50. Nc3 Ng5 51. Nd1+ Ke1 52.
Ne3 g3 53. Ng2+ Kf2 54. Nf4 Kf3 55. Kd3 Kxf4 56. Ke2 Nh3 0-1

[Event "DEM U12/U12w 2004"]
[Site "Willingen GER"]
[Date "2004.06.04"]
[Round "10"]
[White "Rummer, Bärbel"]
[Black "Kroner, Sarah"]
[Result "1/2-1/2"]
[Termination "normal"]
[Board "50"]
[WhiteElo "1054"]
[BlackElo "889"]
[PlyCount "54"]
[WhiteFideId "12900109"]
[EventCountry "GER"]
[EventRounds "11"]
[EventType "swiss"]
[EventDate "2004.05.29"]

1. e4 e5 2. Nf3 Nc6 3. Bc4 Nf6 4. Nc3 Bc5 5. d3 d6 6. h3 O-O 7. Bg5 h6 8. Bh4
Be6 9. Bb3 Bxb3 10. axb3 Qd7 11. Bxf6 gxf6 12. Nd5 Kh8 13. Nxf6 Qe6 14. Nd5
Rac8 15. O-O Rg8 16. Kh1 Qg6 17. g4 h5 18. Nh2 Qg5 19. Qf3 Nd4 20. Qf6+ Qxf6
21. Nxf6 Rg5 22. Rac1 h4 23. Nd5 c6 24. Ne3 Ne2 25. Rfe1 Nxc1 26. Rxc1 Bxe3 27.
fxe3 Rg6 1/2-1/2

[Event "DEM U10/U10w 2004"]
[Site "Willingen GER"]
[Date "2004.05.30"]
[Round "1"]
[White "Wang, Zhangxian"]
[Black "Bashylin, Seva"]
[Result "1-0"]
[Termination "normal"]
[Board "1"]
[WhiteElo "1598"]
[BlackElo "1143"]
[PlyCount "57"]
[BlackFideId "24688045"]
[EventCountry "GER"]
[EventRounds "11"]
[EventType "swiss"]
[EventDate "2004.05.29"]

1. e4 e6 2. d4 d5 3. Nd2 dxe4 4. Nxe4 Nd7 5. Nf3 Ngf6 6. Nxf6+ Nxf6 7. Bd3 Be7
8. c3 c6 9. Qc2 O-O 10. O-O h6 11. Bd2 Qd6 12. Ne5 Rd8 13. Bf4 Qd5 14. Rfe1 Nd7
15. Bc4 Qa5 16. Nxd7 Rxd7 17. Be5 Bd6 18. b4 Qd8 19. f4 Bxe5 20. fxe5 Qc7 21.
Rf1 b6 22. Rf4 c5 23. Raf1 Bb7 24. Rxf7 cxb4 25. Bxe6 Rxf7 26. Rxf7 Qc6 27. Qg6
Qxg2+ 28. Qxg2 Bxg2 29. Kxg2 1-0

[Event "DEM U10/U10w 2004"]
[Site "Willingen GER"]
[Date "2004.05.30"]
[Round "1"]
[White "Schätz, Annika"]
[Black "Zimmermann, Gordon"]
[Result "0-1"]
[Termination "normal"]
[Board "2"]
[WhiteElo "1139"]
[BlackElo "1562"]
[PlyCount "60"]
[WhiteFideId "24674796"]
[BlackFideId "24624330"]
[EventCountry "GER"]
[EventRounds "11"]
[EventType "swiss"]
[EventDate "2004.05.29"]

1. e4 e5 2. Nf3 Nc6 3. Bc4 Nf6 4. d4 exd4 5. O-O Bc5 6. Bg5 d6 7. Re1 Bg4 8. h3
Bh5 9. c3 O-O 10. cxd4 Nxd4 11. Nbd2 Re8 12. a3 Nxf3+ 13. Nxf3 h6 14. Bh4 g5
15. Bg3 Nxe4 16. Qd5 Nxg3 17. Rxe8+ Qxe8 18. b4 c6 19. Qd3 Bb6 20. Qxd6 Bxf2+
21. Kh2 Nf5 22. Qf6 Bg3+ 23. Kh1 Bxf3 24. Qxf5 Be4 25. Qf6 Be5 26. Qxh6 Bxa1
27. Qxg5+ Bg7 28. a4 Qe5 29. Qxe5 Bxe5 30. a5 Rd8 0-1

[Event "DEM U10/U10w 2004"]
[Site "Willingen GER"]
[Date "2004.05.30"]
[Round "1"]
[White "Noe, Christopher"]
[Black "Korman, Jewgenija"]
[Result "1-0"]
[Termination "normal"]
[Board "3"]
[WhiteElo "1552"]
[BlackElo "1136"]
[PlyCount "151"]
[WhiteFideId "24692018"]
[BlackFideId "24606669"]
[EventCountry "GER"]
[EventRounds "11"]
[EventType "swiss"]
[EventDate "2004.05.29"]

1. d4 c6 2. e4 d5 3. e5 Bf5 4. Nf3 e6 5. c3 Ne7 6. Bg5 Nd7 7. Bd3 Bxd3 8. Qxd3
Nb6 9. Nbd2 Qd7 10. Bxe7 Bxe7 11. O-O O-O 12. b4 Rac8 13. a4 Qc7 14. a5 Nd7 15.
Nb3 b6 16. axb6 axb6 17. Rfc1 b5 18. Ra2 Nb6 19. Rca1 Ra8 20. Qc2 Rxa2 21. Rxa2
Nc4 22. Na5 Nxa5 23. Rxa5 Qb7 24. Qa2 Qc7 25. Ra7 Qd8 26. Qa6 h6 27. h3 Bg5 28.
Qxc6 Qe8 29. Qxe8 Rxe8 30. Nxg5 hxg5 31. Rb7 Rc8 32. Rxb5 Rxc3 33. Rb8+ Kh7 34.
b5 Rc1+ 35. Kh2 Rc2 36. Kg3 Rc3+ 37. f3 Rd3 38. Rf8 Rxd4 39. Rxf7 Rb4 40. Rb7
d4 41. b6 d3 42. Rd7 Rxb6 43. Rxd3 Rb5 44. Re3 Kg6 45. Kg4 Rb4+ 46. Re4 Rb2 47.
g3 Rb5 48. h4 gxh4 49. Kxh4 Kf5 50. g4+ Kg6 51. f4 Rc5 52. Rd4 Rb5 53. Rd6 Kf7
54. Kg5 g6 55. Rd7+ Ke8 56. Rg7 Kd8 57. Kxg6 Rc5 58. Kf6 Rc6 59. Re7 Rc4 60. f5
Rxg4 61. Kxe6 Rb4 62. Rd7+ Kc8 63. f6 Rb6+ 64. Rd6 Rb7 65. f7 Kb8 66. f8=Q+ Ka7
67. Qf2+ Kb8 68. Rd8+ Kc7 69. Rd7+ Kb8 70. Rxb7+ Kxb7 71. Qc5 Ka6 72. Qb4 Ka7
73. Qb5 Ka8 74. Kd7 Ka7 75. Kc8 Ka8 76. Qb8# 1-0

[Event "DEM U10/U10w 2004"]
[Site "Willingen GER"]
[Date "2004.05.30"]
[Round "1"]
[White "Dauer, Maximilian"]
[Black "Wittke, Rene"]
[Result "1/2-1/2"]
[Termination "normal"]
[Board "4"]
[WhiteElo "1124"]
[BlackElo "1523"]
[PlyCount "81"]
[BlackFideId "24640255"]
[EventCountry "GER"]
[EventRounds "11"]
[EventType "swiss"]
[EventDate "2004.05.29"]

1. e4 e5 2. Bc4 Nc6 3. d3 Bc5 4. Ne2 Nf6 5. Bg5 Bxf2+ 6. Kxf2 Ng4+ 7. Ke1 Qxg5
8. h4 Qf6 9. Rf1 Qxf1+ 10. Kxf1 Ne3+ 11. Ke1 Nxd1 12. Kxd1 O-O 13. Nbc3 d6 14.
Nd5 Bg4 15. Nxc7 Rac8 16. Nb5 Nd4 17. Nbxd4 exd4 18. Kd2 b5 19. Bb3 Bxe2 20.
Kxe2 a5 21. a4 b4 22. Rf1 Kh8 23. Kd2 f6 24. g4 h6 25. Rf5 Rc5 26. Rxc5 dxc5
27. Bc4 g6 28. Be6 Kg7 29. b3 Re8 30. Bd7 Re7 31. Bc8 Kf7 32. h5 gxh5 33. gxh5
Re5 34. Bf5 Ke7 35. Ke2 Kd6 36. Kf3 Re7 37. Kf4 Rc7 38. Bg6 Ke7 39. Bf5 c4 40.
dxc4 Rc5 41. Kf3 1/2-1/2

[Event "DEM U10/U10w 2004"]
[Site "Willingen GER"]
[Date "2004.05.30"]
[Round "1"]
[White "Kotainy, Jens"]
[Black "Rührmund, Daniel"]
[Result "1-0"]
[Termination "normal"]
[Board "5"]
[WhiteElo "1492"]
[BlackElo "1122"]
[PlyCount "75"]
[WhiteFideId "24670499"]
[BlackFideId "24674583"]
[EventCountry "GER"]
[EventRounds "11"]
[EventType "swiss"]
[EventDate "2004.05.29"]

1. e4 e5 2. Nc3 Nf6 3. f4 exf4 4. Nf3 Bc5 5. d4 Bb4 6. Bd3 Qe7 7. O-O Nc6 8.
Bxf4 d6 9. h3 O-O 10. Bg5 h6 11. Nd5 Qd8 12. Bxf6 gxf6 13. c3 Ba5 14. Nd2 f5
15. exf5 Re8 16. Qg4+ Kf8 17. Rae1 Rxe1 18. Rxe1 Qg5 19. Qxg5 hxg5 20. b4 Bb6
21. a4 a5 22. b5 Nd8 23. Nc4 Ba7 24. Nxc7 Rb8 25. Re8+ Kg7 26. Rxd8 b6 27. Nxd6
Kf6 28. Rxc8 Rxc8 29. Nxc8 Bb8 30. Nxb6 Bxc7 31. Nd5+ Kg7 32. Nxc7 Kf6 33. b6
Ke7 34. b7 Kd7 35. b8=Q Ke7 36. Nd5+ Kd7 37. Qc7+ Ke8 38. Qe7# 1-0

[Event "DEM U10/U10w 2004"]
[Site "Willingen GER"]
[Date "2004.05.30"]
[Round "1"]
[White "Große, Christian"]
[Black "Kaphle, Sebastian"]
[Result "0-1"]
[Termination "normal"]
[Board "6"]
[WhiteElo "1119"]
[BlackElo "1454"]
[PlyCount "104"]
[WhiteFideId "24646156"]
[BlackFideId "24626708"]
[EventCountry "GER"]
[EventRounds "11"]
[EventType "swiss"]
[EventDate "2004.05.29"]

1. c4 Nf6 2. g3 g6 3. Bg2 Bg7 4. Nc3 c6 5. b3 d6 6. Bb2 O-O 7. Nf3 Ne8 8. O-O
Kh8 9. Qc2 e5 10. Rad1 f5 11. e3 g5 12. d4 e4 13. Ne1 g4 14. d5 c5 15. Ne2 Nd7
16. Bxg7+ Kxg7 17. Nf4 Ne5 18. Qb2 Rh8 19. b4 b6 20. bxc5 bxc5 21. Bh1 h5 22.
Neg2 Kf7 23. Nh4 Nf6 24. Qb3 Ng8 25. Rb1 Ne7 26. Rfc1 N7g6 27. Nhxg6 Nxg6 28.
Nxg6 Kxg6 29. Qc3 h4 30. Rb3 hxg3 31. fxg3 Qf8 32. Qd2 Qh6 33. Rcb1 Qg7 34. Rb8
Rxb8 35. Rxb8 Ba6 36. Rxh8 Qxh8 37. Qc2 Qa1+ 38. Kg2 Qe1 39. Qb3 Qe2+ 40. Kg1
Bxc4 41. Qb1 Qxe3+ 42. Kg2 Qd3 43. Qa1 Bxd5 44. a4 a5 45. Qe1 c4 46. Qc1 c3 47.
h4 Qd2+ 48. Qxd2 cxd2 49. Kf2 d1=Q 50. Ke3 Be6 51. Kf4 Kf6 52. h5 Qd2# 0-1

[Event "DEM U10/U10w 2004"]
[Site "Willingen GER"]
[Date "2004.05.30"]
[Round "1"]
[White "Mertens, Fridolin"]
[Black "Spangenberg, Romy"]
[Result "1-0"]
[Termination "normal"]
[Board "7"]
[WhiteElo "1449"]
[BlackElo "1119"]
[PlyCount "113"]
[WhiteFideId "24671940"]
[BlackFideId "4627997"]
[EventCountry "GER"]
[EventRounds "11"]
[EventType "swiss"]
[EventDate "2004.05.29"]

1. e4 c5 2. Nf3 d6 3. d4 cxd4 4. Nxd4 Nf6 5. Nc3 g6 6. Be3 Bg7 7. f3 Nc6 8. Nb3
e5 9. Qd2 Be6 10. O-O-O O-O 11. Qxd6 Re8 12. Qxd8 Raxd8 13. Bb5 Bd7 14. Bxc6
Bxc6 15. Bxa7 Ra8 16. Be3 Ba4 17. Nxa4 Rxa4 18. Kb1 Rea8 19. a3 b5 20. Nc5 R4a5
21. Nb7 R5a6 22. Rd8+ Rxd8 23. Nxd8 Nd7 24. Nb7 Nb6 25. Nc5 Ra8 26. Ka2 Nc4 27.
Bf2 b4 28. a4 Bf8 29. b3 Nd6 30. Nd3 Rc8 31. Kb2 Ne8 32. Ra1 Nf6 33. a5 Nd7 34.
a6 Ra8 35. a7 f5 36. Ra4 Kf7 37. Nxb4 Bc5 38. Bxc5 Nxc5 39. Ra5 Nb7 40. Rb5
Rxa7 41. Nc6 Nd6 42. Nxa7 Nxb5 43. Nxb5 Ke6 44. c4 Kd7 45. b4 Kc6 46. Ka3 h6
47. Ka4 Kb6 48. c5+ Ka6 49. Nc7+ Kb7 50. Ne6 h5 51. Kb5 f4 52. c6+ Kc8 53. c7
g5 54. Kc6 g4 55. b5 h4 56. b6 g3 57. b7# 1-0

[Event "DEM U10/U10w 2004"]
[Site "Willingen GER"]
[Date "2004.05.30"]
[Round "1"]
[White "Barden, Andrea"]
[Black "Boos, Philipp"]
[Result "0-1"]
[Termination "normal"]
[Board "8"]
[WhiteElo "1115"]
[BlackElo "1442"]
[PlyCount "54"]
[WhiteFideId "24698822"]
[EventCountry "GER"]
[EventRounds "11"]
[EventType "swiss"]
[EventDate "2004.05.29"]

1. c4 e5 2. Nc3 Nf6 3. g3 Bc5 4. Bg2 O-O 5. Nf3 d6 6. O-O Nc6 7. b3 Bf5 8. h3
Qd7 9. Kh2 Rfe8 10. Bb2 Rad8 11. d3 e4 12. dxe4 Nxe4 13. Nxe4 Bxe4 14. Qd2 f6
15. a3 a6 16. b4 Ba7 17. Rac1 Qe7 18. Rc3 Kh8 19. Re3 Bxe3 20. Qxe3 Bxf3 21.
Qxf3 Qxe2 22. Qc3 Ne5 23. Kg1 b6 24. Re1 Qh5 25. f4 Nd7 26. Rxe8+ Rxe8 27. g4
Qf7 0-1

[Event "DEM U10/U10w 2004"]
[Site "Willingen GER"]
[Date "2004.05.30"]
[Round "1"]
[White "Friedrich, Wiede"]
[Black "Döring, Stefan"]
[Result "1-0"]
[Termination "normal"]
[Board "9"]
[WhiteElo "1436"]
[BlackElo "1113"]
[PlyCount "35"]
[WhiteFideId "24629537"]
[BlackFideId "1272047"]
[EventCountry "GER"]
[EventRounds "11"]
[EventType "swiss"]
[EventDate "2004.05.29"]

1. e4 e6 2. d3 d5 3. Nd2 Nf6 4. Ngf3 dxe4 5. dxe4 Bc5 6. Bd3 O-O 7. O-O Nc6 8.
Nb3 Nd7 9. Ng5 h6 10. Nf3 Bb6 11. Qe2 Nb4 12. a3 Nxd3 13. Qxd3 c5 14. Be3 Qe7
15. Qc4 a5 16. a4 Nf6 17. e5 Nd7 18. Bf4 1-0

[Event "DEM U10/U10w 2004"]
[Site "Willingen GER"]
[Date "2004.05.30"]
[Round "1"]
[White "Kühnel, Lena"]
[Black "Dünzel, Jonas"]
[Result "0-1"]
[Termination "normal"]
[Board "10"]
[WhiteElo "1104"]
[BlackElo "1433"]
[PlyCount "82"]
[WhiteFideId "24640956"]
[BlackFideId "24631167"]
[EventCountry "GER"]
[EventRounds "11"]
[EventType "swiss"]
[EventDate "2004.05.29"]

1. e4 c5 2. Nf3 e6 3. d4 cxd4 4. Nxd4 a6 5. Nc3 Qc7 6. Be3 Nc6 7. Qd2 Nf6 8.
O-O-O Bb4 9. f3 d5 10. Bd3 Nxd4 11. Bxd4 e5 12. Bf2 d4 13. a3 dxc3 14. bxc3
Bxa3+ 15. Kb1 Be6 16. Ka1 Qa5 17. Kb1 Bc1 18. Qe2 Bh6 19. Be3 Bxe3 20. Qxe3 Rc8
21. Kc1 Rxc3 22. Rhe1 Bc4 23. Qf2 Qa3+ 24. Kb1 Ba2+ 25. Ka1 Bc4+ 26. Kb1 Bxd3
27. Rxd3 Rxd3 28. cxd3 Qxd3+ 29. Kc1 O-O 30. Rd1 Rc8+ 31. Kb2 Qxd1 32. Qb6 Qd4+
33. Qxd4 exd4 34. Kb3 d3 35. Kb4 d2 36. Ka5 d1=Q 37. Kb6 Qb3+ 38. Ka7 b5 39.
Kxa6 Qa4+ 40. Kb6 Nd7+ 41. Kb7 Qa8# 0-1

[Event "DEM U10/U10w 2004"]
[Site "Willingen GER"]
[Date "2004.05.30"]
[Round "1"]
[White "Rafayevych, Vilen"]
[Black "Liptak, Patrick"]
[Result "0-1"]
[Termination "normal"]
[Board "11"]
[WhiteElo "1425"]
[BlackElo "1085"]
[PlyCount "57"]
[WhiteFideId "24673897"]
[EventCountry "GER"]
[EventRounds "11"]
[EventType "swiss"]
[EventDate "2004.05.29"]

1. d4 Nf6 2. c4 g6 3. Nc3 Bg7 4. e4 d6 5. Bd3 O-O 6. Nge2 c5 7. O-O Bd7 8. f3
Ne8 9. Be3 Nc7 10. dxc5 dxc5 11. Bxc5 b6 12. Bd4 e5 13. Be3 Nc6 14. Nd5 Nd4 15.
Nxd4 exd4 16. Bf2 Ne6 17. Re1 Rc8 18. Bf1 Qg5 19. a4 Qe5 20. Ne7+ Kh8 21. Nxc8
Rxc8 22. Qd2 Bf8 23. Bxd4 Nxd4 24. Qxd4 Bc5 25. Qxc5 Qxc5+ 26. Kh1 Be6 27. b3
Qe7 28. g3 Rd8 29. Be2 0-1

[Event "DEM U10/U10w 2004"]
[Site "Willingen GER"]
[Date "2004.05.30"]
[Round "1"]
[White "Gering, Samuel"]
[Black "Osmanodja, Bilgin"]
[Result "0-1"]
[Termination "normal"]
[Board "12"]
[WhiteElo "1059"]
[BlackElo "1388"]
[PlyCount "82"]
[WhiteFideId "24604526"]
[EventCountry "GER"]
[EventRounds "11"]
[EventType "swiss"]
[EventDate "2004.05.29"]

1. e4 c5 2. Nf3 d6 3. d4 cxd4 4. Nxd4 Nf6 5. Nc3 g6 6. Be2 Bg7 7. Be3 O-O 8. f3
Nc6 9. Qd2 Bd7 10. O-O-O Rc8 11. g4 a6 12. h4 b5 13. h5 b4 14. Nb1 Nxd4 15.
Bxd4 a5 16. Be3 Qc7 17. hxg6 fxg6 18. Bd3 Be6 19. a4 Bb3 20. Rh2 Bh8 21. Qg2
Bxa4 22. Qh3 Rf7 23. g5 Nd7 24. f4 Nc5 25. Bxc5 Qxc5 26. f5 Be5 27. Rdh1 Bxh2
28. Rxh2 Qg1+ 29. Kd2 Qxg5+ 30. Ke2 Qh5+ 31. Qxh5 gxh5 32. Rxh5 Bxc2 33. Bb5
Bxb1 34. Ke3 Rg7 35. Bd7 Rc2 36. Be6+ Kf8 37. Kf3 Rxb2 38. Rh6 Rc2 39. Kf4 Re2
40. f6 Rxe4+ 41. Kf5 Reg4# 0-1

[Event "DEM U10/U10w 2004"]
[Site "Willingen GER"]
[Date "2004.05.30"]
[Round "1"]
[White "Babayev, Ramil"]
[Black "Dilz, Jasmin"]
[Result "1-0"]
[Termination "normal"]
[Board "13"]
[WhiteElo "1382"]
[BlackElo "1004"]
[PlyCount "81"]
[WhiteFideId "24664243"]
[EventCountry "GER"]
[EventRounds "11"]
[EventType "swiss"]
[EventDate "2004.05.29"]

1. e4 e5 2. Nf3 Nc6 3. Bb5 d6 4. Bxc6+ bxc6 5. h3 Nf6 6. d3 Bb7 7. O-O d5 8.
Bg5 Be7 9. Nc3 dxe4 10. dxe4 Nd7 11. Bxe7 Qxe7 12. Qd2 O-O 13. Rad1 Rfd8 14.
Qe3 Ba6 15. Rfe1 Re8 16. Rd2 Nf6 17. Red1 Bb5 18. Qg5 h6 19. Qe3 Qf8 20. a4 Ba6
21. b3 Bb7 22. Na2 c5 23. Nc3 Bc6 24. Re1 Qe7 25. Qe2 Rad8 26. Rxd8 Rxd8 27.
Qa6 Qe6 28. Qxa7 Qe7 29. Qa6 Ba8 30. Qc4 Bc6 31. a5 Bd7 32. a6 Bc6 33. Na4 Nd7
34. Nc3 Nf6 35. a7 Nd7 36. Qa6 Nf6 37. Ra1 Kh8 38. Qa5 Ba8 39. Nb5 Rc8 40. Qa6
Rd8 41. Nc3 {Rest nicht nachvollziehbar} 1-0

[Event "DEM U10/U10w 2004"]
[Site "Willingen GER"]
[Date "2004.05.30"]
[Round "1"]
[White "Pältz, Sebastian"]
[Black "Bräuer, Franz"]
[Result "0-1"]
[Termination "normal"]
[Board "14"]
[WhiteElo "1001"]
[BlackElo "1357"]
[PlyCount "34"]
[WhiteFideId "24648027"]
[BlackFideId "24634468"]
[EventCountry "GER"]
[EventRounds "11"]
[EventType "swiss"]
[EventDate "2004.05.29"]

1. e4 e5 2. Nf3 Nc6 3. Bb5 a6 4. Ba4 Nf6 5. O-O b5 6. Bb3 Be7 7. Re1 O-O 8. d3
d6 9. Bg5 Bg4 10. c4 Nd4 11. Nbd2 c5 12. h3 Bh5 13. Re3 h6 14. Bh4 Nh7 15. Bg3
Bg5 16. Re1 Bxd2 17. Qxd2 Bxf3 0-1

[Event "DEM U10/U10w 2004"]
[Site "Willingen GER"]
[Date "2004.05.30"]
[Round "1"]
[White "Riabov, Igor"]
[Black "Schmitt, Katrin"]
[Result "0-1"]
[Termination "normal"]
[Board "15"]
[WhiteElo "1353"]
[BlackElo "995"]
[PlyCount "128"]
[BlackFideId "24654400"]
[EventCountry "GER"]
[EventRounds "11"]
[EventType "swiss"]
[EventDate "2004.05.29"]

1. e4 e5 2. Nf3 Nc6 3. Bc4 Bc5 4. c3 Nf6 5. d4 exd4 6. cxd4 Bb4+ 7. Nc3 Bxc3+
8. bxc3 Nxe4 9. Qb3 O-O 10. O-O d6 11. Bd5 Nf6 12. Bg5 h6 13. Bh4 Na5 14. Qa4
c6 15. Bb3 Bg4 16. Nd2 Nxb3 17. Qxb3 Qb6 18. Bxf6 Qxb3 19. axb3 gxf6 20. Ne4
Kg7 21. Nxd6 b6 22. Rfe1 Be6 23. b4 f5 24. Re5 Kf6 25. f4 Rfd8 26. d5 cxd5 27.
Nb5 a6 28. Nd4 Rdc8 29. Ra3 a5 30. b5 Rg8 31. Ra2 Rg4 32. g3 h5 33. Rae2 Re8
34. Kf2 h4 35. R2e3 hxg3+ 36. hxg3 Rg6 37. Nxf5 a4 38. Nd4 a3 39. f5 Rg5 40. g4
a2 41. Nb3 d4 42. Re1 dxc3 43. R5e2 Rxg4 44. fxe6 fxe6 45. Re4 Rxe4 46. Rxe4 c2
47. Re1 Rd8 48. Ke2 Rd5 49. Na1 Re5+ 50. Kd2 Rxe1 51. Nxc2 a1=Q 52. Nxa1 Rxa1
53. Kc3 Rb1 54. Kc4 e5 55. Kd3 Rxb5 56. Ke4 Ke6 57. Kd3 Kd5 58. Ke3 Rb4 59. Kd3
Rb3+ 60. Kc2 Kc4 61. Kd2 Kd4 62. Ke2 Ke4 63. Kd2 b5 64. Ke1 Rb2 0-1

[Event "DEM U10/U10w 2004"]
[Site "Willingen GER"]
[Date "2004.05.30"]
[Round "1"]
[White "Sancar, Alina"]
[Black "Schmitz, Stefan"]
[Result "1-0"]
[Termination "normal"]
[Board "16"]
[WhiteElo "992"]
[BlackElo "1328"]
[PlyCount "59"]
[WhiteFideId "4624750"]
[BlackFideId "4625730"]
[EventCountry "GER"]
[EventRounds "11"]
[EventType "swiss"]
[EventDate "2004.05.29"]

1. e4 e5 2. Nf3 Nc6 3. Bc4 Nf6 4. Ng5 Bc5 5. Nxf7 Bxf2+ 6. Kxf2 Nxe4+ 7. Ke3
Qh4 8. g3 Nxg3 9. hxg3 Qd4+ 10. Kf3 Qxc4 11. Nxh8 Nd4+ 12. Kf2 b6 13. Qh5+ Kd8
14. d3 Qxc2+ 15. Bd2 Ba6 16. Qf7 Kc8 17. Qg8+ Kb7 18. Qd5+ Kb8 19. Qxe5 Qxd3
20. Qe3 Qf5+ 21. Qf4 Qd5 22. Nc3 Qc5 23. Be3 Qb4 24. Bxd4 Qxb2+ 25. Ke3 Kb7 26.
Qe4+ c6 27. Qe7 Kc7 28. Be5+ Kc8 29. Qe8+ Kb7 30. Qxd7# 1-0

[Event "DEM U10/U10w 2004"]
[Site "Willingen GER"]
[Date "2004.05.30"]
[Round "1"]
[White "Müller, Tobias"]
[Black "Rozenfeld, Elisabeth"]
[Result "1-0"]
[Termination "normal"]
[Board "17"]
[WhiteElo "1320"]
[BlackElo "988"]
[PlyCount "119"]
[WhiteFideId "24643394"]
[BlackFideId "4624742"]
[EventCountry "GER"]
[EventRounds "11"]
[EventType "swiss"]
[EventDate "2004.05.29"]

1. e4 e5 2. Nf3 Nf6 3. d3 d6 4. Be2 Be7 5. Nc3 O-O 6. O-O h6 7. h3 Be6 8. Be3
c6 9. Bd2 d5 10. exd5 Nxd5 11. Nxe5 Nxc3 12. Bxc3 Bf6 13. Qe1 Nd7 14. Nxd7 Bxc3
15. Qxc3 Qxd7 16. Bf3 Rad8 17. Rfe1 Qe7 18. Re2 Qg5 19. Kh1 Qf4 20. Rae1 Bxh3
21. Re4 Qf5 22. R1e3 Rd5 23. Rh4 Rc5 24. Qd2 h5 25. Rxh3 g5 26. Be4 Qf4 27. Re2
Qxd2 28. Rxd2 f5 29. Bxc6 Rxc6 30. Rxh5 g4 31. Re2 f4 32. Rg5+ Kh7 33. Rxg4
Rh6+ 34. Kg1 f3 35. Re7+ Kh8 36. g3 b5 37. Ree4 Rf5 38. Rh4 Rxh4 39. Rxh4+ Kg7
40. Re4 a6 41. c4 b4 42. d4 a5 43. d5 Rf6 44. Kf1 a4 45. Ke1 Rf7 46. Kd2 Kf6
47. Rf4+ Ke7 48. Rxf7+ Kxf7 49. Ke3 Ke7 50. g4 Kd6 51. g5 Kc5 52. g6 Kxc4 53.
g7 Kxd5 54. g8=Q+ Kc5 55. Qd8 Kc6 56. Kd4 Kb7 57. Kc5 b3 58. Qd7+ Ka8 59. Kb6
a3 60. Qb7# 1-0

[Event "DEM U10/U10w 2004"]
[Site "Willingen GER"]
[Date "2004.05.30"]
[Round "1"]
[White "Bialas, Daniel"]
[Black "Ma, Beini"]
[Result "0-1"]
[Termination "normal"]
[Board "18"]
[WhiteElo "982"]
[BlackElo "1312"]
[PlyCount "104"]
[BlackFideId "24630101"]
[EventCountry "GER"]
[EventRounds "11"]
[EventType "swiss"]
[EventDate "2004.05.29"]

1. e4 c5 2. d4 cxd4 3. c3 dxc3 4. Nxc3 e6 5. Bb5 a6 6. Ba4 b5 7. Bc2 Bc5 8. Nf3
Bb7 9. O-O Qb6 10. h3 Nf6 11. e5 Nd5 12. Nxd5 Bxd5 13. a3 a5 14. Bb3 Bxb3 15.
Qxb3 Nc6 16. Be3 Bxe3 17. Qxe3 Qxe3 18. fxe3 Rc8 19. Rac1 O-O 20. Nd4 Nxd4 21.
exd4 h6 22. Rc3 Rxc3 23. bxc3 Rc8 24. Rc1 b4 25. axb4 axb4 26. c4 b3 27. c5 Rb8
28. Rb1 Rb4 29. Kf2 Rxd4 30. Rxb3 Rd5 31. Ke3 Rxe5+ 32. Kd4 Re2 33. Rb7 Rxg2
34. Ke5 Rg5+ 35. Kd6 Rd5+ 36. Ke7 Rxc5 37. Rxd7 Rd5 38. Rd6 Rxd6 39. Kxd6 f5
40. Ke5 g5 41. Kd4 h5 42. Ke3 g4 43. h4 g3 44. Kf3 f4 45. Kg2 e5 46. Kf3 e4+
47. Kg2 e3 48. Kf3 Kf7 49. Kg2 e2 50. Kh3 e1=Q 51. Kg2 Qf2+ 52. Kh3 Qh2# 0-1

[Event "DEM U10/U10w 2004"]
[Site "Willingen GER"]
[Date "2004.05.30"]
[Round "1"]
[White "Orhan, Eda"]
[Black "Rutz, Maximilian"]
[Result "1-0"]
[Termination "normal"]
[Board "19"]
[WhiteElo "1312"]
[BlackElo "962"]
[PlyCount "105"]
[WhiteFideId "24659258"]
[EventCountry "GER"]
[EventRounds "11"]
[EventType "swiss"]
[EventDate "2004.05.29"]

1. e4 d5 2. exd5 Nf6 3. d4 Nxd5 4. c4 Nb6 5. Nc3 Nc6 6. Be3 g6 7. h3 Bg7 8. Nf3
O-O 9. Qd2 e5 10. d5 Ne7 11. Bh6 Qd6 12. Ne4 Qd7 13. Bxg7 Kxg7 14. Nxe5 Qf5 15.
Qd4 f6 16. Nf3 Re8 17. Bd3 Qf4 18. O-O Rf8 19. Qe3 Qxe3 20. fxe3 Nf5 21. Rfe1
Re8 22. b3 Bd7 23. g4 Nd6 24. Nxd6 cxd6 25. Nd4 h5 26. gxh5 gxh5 27. h4 Rg8 28.
Kf2 Nc8 29. Rg1+ Kf7 30. Rxg8 Kxg8 31. Bg6 Bg4 32. Rg1 Ne7 33. Bxh5 f5 34. Bxg4
fxg4 35. Rxg4+ Kh7 36. Ne6 Rg8 37. Rf4 Ng6 38. Rf7+ Kh6 39. Rxb7 Nxh4 40. Nf4
Kg5 41. Rxa7 Kf5 42. a4 Ke4 43. Re7+ Kf5 44. b4 Kg4 45. a5 Nf5 46. Re6 Rh8 47.
Rg6+ Kh4 48. e4 Nd4 49. Rxd6 Rf8 50. Ke3 Nc2+ 51. Kd2 Nxb4 52. Ng6+ Kh5 53.
Nxf8 1-0